[Event "Parana Coronel Memorial"]
[Site "Parana"]
[Date "2017.08.20"]
[Round "5"]
[White "Salvador, Daniel"]
[Black "Sarli, Arnoldo"]
[Result "1-0"]
[WhiteElo "1872"]
[BlackElo "1663"]
[PlyCount "85"]
[EventDate "2017.08.18"]
[EventType "swiss"]
[EventRounds "6"]
[EventCountry "ARG"]
[SourceTitle "CBM 187 Extra"]
[Source "ChessBase"]
[SourceDate "2018.11.04"]
[SourceVersion "1"]
[SourceVersionDate "2018.11.04"]
[SourceQuality "1"]

1. e4 e5 2. Nf3 Nc6 3. Bb5 d6 4. 0-0 Bg4 5. h3 Bh5 6. d3 Nf6 7. c3 a6 8. Ba4 Be7 9. Re1 h6 10. Nbd2 0-0 11. Nf1 b5 12. Bb3 Na5 13. Bc2 c5 14. g4 Bg6 15. Ng3 Qd7 16. Nh4 c4 17. d4 Rad8 18. d5 Bxe4 19. Nxe4 Nxe4 20. Nf5 Nf6 21. Bxh6 gxh6 22. Qd2 Nxg4 23. hxg4 Bg5 24. Nxh6+ Bxh6 25. Qxh6 f6 26. Bf5 Qg7 27. Be6+ Rf7 28. Qxg7+ Kxg7 29. Bxf7 Kxf7 30. Kg2 Rg8 31. Kg3 f5 32. f3 Kf6 33. Rh1 Rg6 34. Rh8 f4+ 35. Kg2 Nb7 36. a4 Nc5 37. axb5 axb5 38. Ra5 Kg7 39. Rc8 e4 40. Ra7+ Kf6 41. Rf8+ Kg5 42. Rf5+ Kh6 43. Rh5# 1-0

[Event "Parana Coronel Memorial"]
[Site "Parana"]
[Date "2017.08.18"]
[Round "2"]
[White "Vivas, Lionel"]
[Black "Salvador, Daniel"]
[Result "0-1"]
[WhiteElo "1483"]
[BlackElo "1872"]
[PlyCount "56"]
[EventDate "2017.08.18"]
[EventType "swiss"]
[EventRounds "6"]
[EventCountry "ARG"]
[SourceTitle "CBM 187 Extra"]
[Source "ChessBase"]
[SourceDate "2018.11.04"]
[SourceVersion "1"]
[SourceVersionDate "2018.11.04"]
[SourceQuality "1"]

1. e4 e5 2. Nf3 Nc6 3. Bc4 Nf6 4. d3 Be7 5. Nc3 0-0 6. 0-0 d6 7. h3 Na5 8. Bb3 c6 9. Be3 d5 10. exd5 cxd5 11. Bg5 Nxb3 12. axb3 d4 13. Nb5 a6 14. Re1 Bxh3 15. gxh3 axb5 16. Rxa8 Qxa8 17. Rxe5 Qd8 18. Nxd4 Qxd4 19. Rxe7 Qxb2 20. Rxb7 Ra8 21. Kg2 h6 22. Bh4 Ne8 23. Qf3 Qe5 24. Re7 Qa1 25. Qxf7+ Kh7 26. Rxe8 Ra6 27. Qf5+ Rg6+ 28. Kh2 Qg1# 0-1

[Event "Encarnacion op 1st"]
[Site "Encarnacion"]
[Date "2015.04.02"]
[Round "2"]
[White "Salvador, Daniel"]
[Black "Gomez Dacak, Franklin Paul"]
[Result "0-1"]
[WhiteElo "1854"]
[BlackElo "1613"]
[PlyCount "142"]
[EventDate "2015.04.02"]
[EventType "swiss"]
[EventRounds "7"]
[EventCountry "PAR"]
[SourceTitle "CBM 166 Extra"]
[Source "ChessBase"]
[SourceDate "2015.06.18"]
[SourceVersion "1"]
[SourceVersionDate "2015.06.18"]
[SourceQuality "1"]

1. e4 c6 2. d4 d5 3. Nc3 dxe4 4. Nxe4 Bf5 5. Ng3 Bg6 6. N1e2 e6 7. Nf4 Nf6 8. h4 Bd6 9. h5 Bf5 10. Nxf5 Qa5+ 11. Bd2 Qxf5 12. Bd3 Qg4 13. Be2 Qf5 14. Bd3 Qg4 15. Qxg4 Nxg4 16. Be2 Nf6 17. h6 g6 18. 0-0-0 Ne4 19. Nd3 Nxd2 20. Rxd2 Nd7 21. g3 0-0-0 22. Bf3 Rhe8 23. Re2 Bf8 24. Bg2 Nf6 25. Ne5 Re7 26. c3 Ng8 27. Bh3 Bxh6+ 28. Kd1 f5 29. Nd3 Bg7 30. f4 Nf6 31. Nc5 Rde8 32. Rhe1 Bh8 33. Bg2 e5 34. fxe5 Nd7 35. Nd3 Nf8 36. g4 fxg4 37. Nf2 h5 38. Ne4 Ne6 39. Nd6+ Kd7 40. Nxe8 Rxe8 41. Rf2 g5 42. Rf7+ Re7 43. Rf5 h4 44. Be4 g3 45. Rg1 Nf4 46. Rxg5 Rf7 47. Rf5 Rxf5 48. Bxf5+ Ke7 49. Kd2 Bg7 50. Ke3 Bh6 51. Kf3 Kf7 52. c4 Kg7 53. Bc8 b6 54. b3 Bg5 55. Bd7 c5 56. d5 Nd3 57. e6 Be7 58. Be8 Ne5+ 59. Kg2 Kh6 60. Rd1 Bd6 61. Rf1 Kg5 62. Kh3 Nd3 63. Bf7 Nf4+ 64. Rxf4 Kxf4 65. Bh5 Ke3 66. Kg2 h3+ 67. Kg1 Kf4 68. Bd1 g2 69. Kh2 Ke3+ 70. Kg1 Bg3 71. e7 Bf2+ 0-1